| 000 | 01377nam a2200301 i 4500 | ||
|---|---|---|---|
| 001 | 25107 | ||
| 003 | ES-MaACL | ||
| 005 | 20250927122915.0 | ||
| 007 | t| | ||
| 008 | 021220s1894 sp |||| | spa d | ||
| 245 | 0 | 0 |
_aObras de D. Marcelino de Aragón Azlor y Fernández de Córdoba, duque de Villahermosa, conde-duque de Luna, de la Real Academia Española / _ccon un prólogo de M. Menéndez y Pelayo. |
| 260 |
_a[S.l. : _bs.n.], _c1894 ( _eMadrid : _fEstab. Tip. Viuda e Hijos de M. Tello) |
||
| 300 |
_aXVIII, 366 p. : _b1 retr. ; _c18 cm. |
||
| 505 | 8 | _aContiene: Discurso de recepción en la Real Academia Española. Las Geórgicas, de Virgilio. Libro primero de Los Tristes, de Ovidio | |
| 546 | _aTexto en español y latín. | ||
| 594 | _aEl autor es el traductor de las obras de Virgilio y Ovidio. | ||
| 600 | 1 | 4 |
_aLeonardo de Argensola, Bartolomé, _d1562-1631 _971674 |
| 600 | 1 | 7 |
_aLeonardo de Argensola, Lupercio, _d1559-1613 _2 _9128881 |
| 700 | 1 |
_aVirgilio Marón, Publio. _9115452 |
|
| 700 | 1 |
_aOvidio Nasón, Publio. _988013 |
|
| 700 | 1 |
_aAragón y Azlor, Marcelino, _cDuque de Villahermosa, _d1815-1888 _9151999 |
|
| 700 | 1 |
_aMenéndez y Pelayo, Marcelino, _d1856-1912 _980332 |
|
| 710 | 2 |
_aReal Academia Española _96336 |
|
| 740 | 4 | 2 | _aLas Geórgicas. |
| 740 | 4 | 2 | _aLos Tristes. |
| 852 |
_aES-MaACL _jG-13923 |
||
| 999 |
_c25107 _d25107 |
||